00483 a2200169 450000100060000002000180000604000220002410000350004624000310008124500260011230000080013836200090014665000140015594200070016995201200017699900170029668173 a9788591153916 cAnchieta - Pituba aSouza, Guilherme Embiriçu de10aQuímica para a vidalpor10aQuímica para a vida a4090 a2016 4aQuímica cBK 00104070a91.1bCPLd2023-11-21l2o540 S729q SOU QUIp23542/PITr2023-11-21 18:49:54s2023-11-21w2023-11-21yBK c68173d68173